000 00436 a2200157 4500
999 _c183
_d183
008 220922b ||||| |||| 00| 0 eng d
020 _a9781138669574
041 0 _aeng
082 0 0 _a388.01
_bR6961
100 _aJean-Paul, Rodrigue
245 _aThe geography of transport systems /
_cby Jean-Paul Rodrigue
260 _aNew York:
_bRoutledge,
_c2017.
300 _axiv, 439 p.
650 0 _aTransportation Geography
942 _2ddc
_cBK